Acteurs de Star Wars - Mort Subite - Statistiques

Statistiques générales
  • Ce quiz a été pris 1 245 fois
    1 053 depuis la dernière actualisation
  • Le résultat moyen est 9 sur 15
Answers on the Grid
Answers color-coded by a green-red scale on the quiz's grid according to % correct below.
Harrison Ford
Jean Dujardin
John Williams
Natalie Portman
Samuel L. Jackson
Emma Watson
Christopher Lee
John Boyega
Daisy Ridley
Mark Hamill
Ewan McGregor
Donald Glover
Liam Neeson
Woody Harrelson
Kenny Baker
Pedro Pascal
Carrie Fisher
Forest Whitaker
Brad Pitt
George Clooney
Tom Cruise
Bruce Willis
Jason Statham
Ian McKellen
Morgan Freeman
Jim Carrey
Scarlet Johansson
Jennifer Lawrence
Emma Stone
Angelina Jolie
 
Statistiques - réponses
Réponse % Correct
Harrison Ford
82%
Natalie Portman
78%
Ewan McGregor
76%
Mark Hamill
74%
Carrie Fisher
73%
Samuel L. Jackson
73%
Liam Neeson
67%
Daisy Ridley
64%
Christopher Lee
63%
Pedro Pascal
55%
John Boyega
51%
Donald Glover
34%
Forest Whitaker
33%
Kenny Baker
33%
Woody Harrelson
27%
Aucun quiz correspondant
Distribution des résultats
% des personnes avec chaque résultat
Percentile par nombre de réponses
Votre historique - résultats
Vous n’avez pas pris ce quiz depuis la dernière actualisation